Who Are They Talking About? (Literature) Quiz Stats

 Plays Quiz Updated Sep 27, 2015

Challenge
Share
Tweet
Embed
Score 0/25 Timer 07:00
4 Plays Today
% Correct
Bilbo Baggins
90.8%
Vito Corleone
88.7%
Sirius Black
85.2%
Holden Caulfield
84.8%
Alonso Quixano
76.7%
Sauron
71.2%
Edmond Dantès
70.2%
Hassan
67.2%
Arthur Pendragon
60.9%
Antonio
54.4%
Santiago
48.6%
Robert Neville
41.4%
Hank Morgan
36.4%
% Correct
Meursault
36.4%
Anne Catherick
34.3%
Mildred Hubble
33.4%
Dolores Haze
33%
Digory Kirke
32.4%
Isabel Archer
32.3%
Louis
32%
Alceste
21.5%
Offred
20.8%
Jennet Humfrye
15.6%
Pamela Reeves
14.9%
Griffin
12.2%

You're not logged in!

Compare scores with friends on all Sporcle quizzes.
OR
Log In

You Might Also Like...

Show Comments

Extras

Top Quizzes Today


Score Distribution

Your Account Isn't Verified!

In order to create a playlist on Sporcle, you need to verify the email address you used during registration. Go to your Sporcle Settings to finish the process.

Report this User

Report this user for behavior that violates our Community Guidelines.

Details: